000 00593nam a2200181Ia 4500
008 090124s9999 xx 000 0 und d
082 _b6292
_a576
100 _aबोकील वि.वि. (विष्णु विनायक)
245 _a तारांबळ
250 _a1
260 _c1942
300 _a92
600 _aबोकील वि.वि. (विष्णु विनायक)
630 _a तारांबळ
700 _aबोकील वि.वि. (विष्णु विनायक)
730 _a तारांबळ
942 _cBOOK
999 _c120233
_d120233